[Event "KAZ Independence rapid"]
[Site "Almaty"]
[Date "2019.12.02"]
[Round "5"]
[White "Khusenkhojaev, Muhammad"]
[Black "Umarbekov, Aziz"]
[Result "0-1"]
[WhiteElo "2427"]
[BlackElo "2140"]
[PlyCount "153"]
[EventDate "2019.12.01"]
[EventType "swiss (rapid)"]
[EventRounds "9"]
[EventCountry "KAZ"]
[SourceTitle "CBM 193 Extra"]
[Source "ChessBase"]
[SourceDate "2020.01.31"]
[SourceVersion "1"]
[SourceVersionDate "2020.01.31"]
[SourceQuality "1"]

1. Nf3 Nf6 2. c4 c5 3. Nc3 d5 4. cxd5 Nxd5 5. d4 cxd4 6. Qxd4 Nxc3 7. Qxc3 Nc6 8. e4 e6 9. a3 Bd7 10. Be2 Rc8 11. 0-0 Na5 12. Qe3 Bc5 13. Qf4 Nb3 14. Rb1 0-0 15. Be3 Qe7 16. Rbd1 Rfd8 17. h4 h6 18. Bxc5 Nxc5 19. b4 Na4 20. Rc1 Nc3 21. Qe3 Nxe2+ 22. Qxe2 Ba4 23. Qe3 b6 24. Rxc8 Rxc8 25. Rc1 Qd8 26. Rxc8 Qxc8 27. Qf4 a5 28. bxa5 bxa5 29. Qd6 Bc6 30. Nd2 g6 31. f3 Bb5 32. Nb3 Qc3 33. Qb8+ Kg7 34. Qxb5 Qe1+ 35. Qf1 Qe3+ 36. Qf2 Qxb3 37. Qd4+ Kh7 38. Qa7 Kg7 39. Qxa5 Qe3+ 40. Kh2 Qf4+ 41. Kh3 Qc1 42. Qe5+ Kg8 43. a4 Qh1+ 44. Qh2 Qa1 45. Qf4 Qxa4 46. Qxh6 Qa1 47. Qf4 Qh1+ 48. Kg3 Qe1+ 49. Kg4 Qg1 50. g3 Qa1 51. e5 Qd1 52. Kg5 Qd8+ 53. Qf6 Qd2+ 54. f4 Qb4 55. Qd8+ Kg7 56. g4 Qa3 57. Qe8 Qc5 58. Qd7 Qb4 59. h5 gxh5 60. gxh5 Qf8 61. f5 exf5 62. e6 Kh7 63. e7 Qh6+ 64. Kxf5 Qxh5+ 65. Kf6 Qg6+ 66. Ke5 Qg3+ 67. Kd5 Qd3+ 68. Kc6 Qc4+ 69. Kb7 Qb4+ 70. Kc8 Qc5+ 71. Kd8 Qb6+ 72. Ke8 Qb8+ 73. Qd8 Qb5+ 74. Kf8 Qc5 75. Qd3+ f5 76. Kf7 Qb4 77. Kf8 0-1

[Event "KAZ Independence rapid"]
[Site "Almaty"]
[Date "2019.12.02"]
[Round "7"]
[White "Urazayev, Arystanbek"]
[Black "Umarbekov, Aziz"]
[Result "0-1"]
[WhiteElo "2433"]
[BlackElo "2140"]
[PlyCount "51"]
[EventDate "2019.12.01"]
[EventType "swiss (rapid)"]
[EventRounds "9"]
[EventCountry "KAZ"]
[SourceTitle "CBM 193 Extra"]
[Source "ChessBase"]
[SourceDate "2020.01.31"]
[SourceVersion "1"]
[SourceVersionDate "2020.01.31"]
[SourceQuality "1"]

1. e4 e6 2. d4 d5 3. Nd2 c5 4. exd5 exd5 5. Bb5+ Nc6 6. Ne2 Bd6 7. dxc5 Bxc5 8. Nb3 Bd6 9. 0-0 Nge7 10. Bf4 0-0 11. Bxd6 Qxd6 12. Ned4 Ne5 13. Re1 Ng4 14. Nf3 Ng6 15. h3 N4e5 16. Nxe5 Nxe5 17. Qh5 Nc4 18. Rad1 Nxb2 19. Rxd5 Qf6 20. Nc5 a6 21. Bf1 Be6 22. Rde5 Bxa2 23. Nd7 Qg6 24. Nxf8 Rxf8 25. Qh4 b5 26. Qb4 0-1

[Event "KAZ Independence rapid"]
[Site "Almaty"]
[Date "2019.12.01"]
[Round "3"]
[White "Khusnutdinov, Rustam"]
[Black "Umarbekov, Aziz"]
[Result "1-0"]
[WhiteElo "2491"]
[BlackElo "2140"]
[PlyCount "101"]
[EventDate "2019.12.01"]
[EventType "swiss (rapid)"]
[EventRounds "9"]
[EventCountry "KAZ"]
[SourceTitle "CBM 193 Extra"]
[Source "ChessBase"]
[SourceDate "2020.01.31"]
[SourceVersion "1"]
[SourceVersionDate "2020.01.31"]
[SourceQuality "1"]

1. Nc3 d5 2. e4 dxe4 3. Nxe4 e5 4. Nf3 Nf6 5. Neg5 Bc5 6. Bc4 0-0 7. 0-0 Nd5 8. Ne4 Nb6 9. Bb3 Qe7 10. Nxc5 Qxc5 11. d4 exd4 12. Nxd4 Nc6 13. Be3 Nxd4 14. Bxd4 Qf5 15. c3 Qg6 16. Qf3 c6 17. Rfe1 Be6 18. Bxe6 fxe6 19. Qe3 Rae8 20. Bxb6 axb6 21. Qxb6 Re7 22. Re2 h6 23. Rae1 Kh7 24. Qd4 Rf5 25. Qe4 Kh8 26. Rd2 Rg5 27. Qxg6 Rxg6 28. Kf1 Kg8 29. Re4 Rg5 30. a4 Kf7 31. Rd8 Rd5 32. Rxd5 cxd5 33. Rb4 Ke8 34. Ke2 Kd8 35. Ke3 Kc7 36. Kd4 Rf7 37. f3 Rf4+ 38. Kc5 Rf5 39. Kd4 Rf4+ 40. Ke5 Rf6 41. a5 Rg6 42. g3 Rg5+ 43. Kxe6 d4 44. Rc4+ Kb8 45. Rxd4 Rxa5 46. h4 Ra2 47. Rb4 Kc7 48. Kf7 g5 49. hxg5 hxg5 50. Kf6 Ra5 51. Rg4 1-0

[Event "Issyk Kul op"]
[Site "Cholpon Ata"]
[Date "2019.08.21"]
[Round "5"]
[White "Umarbekov, Aziz"]
[Black "Dadabaev, Janybek"]
[Result "0-1"]
[WhiteElo "2188"]
[BlackElo "2016"]
[PlyCount "90"]
[EventDate "2019.08.19"]
[EventType "swiss"]
[EventRounds "9"]
[EventCountry "KGZ"]
[SourceTitle "EXT 2020"]
[Source "ChessBase"]
[SourceDate "2019.10.17"]
[SourceVersion "1"]
[SourceVersionDate "2019.10.17"]
[SourceQuality "1"]

1. e4 c5 2. c3 d5 3. exd5 Qxd5 4. d4 Nf6 5. Nf3 Bg4 6. Be2 e6 7. h3 Bh5 8. Be3 cxd4 9. cxd4 Nc6 10. Nc3 Qd6 11. Qb3 Be7 12. Qxb7 Rb8 13. Qa6 0-0 14. b3 Bxf3 15. Bxf3 Nxd4 16. Qxd6 Nxf3+ 17. Ke2 Bxd6 18. Kxf3 Rfc8 19. Ne4 Nxe4 20. Kxe4 f5+ 21. Kf3 a6 22. Rhd1 Be5 23. Rac1 Kf7 24. Rd7+ Kf6 25. h4 h6 26. g4 fxg4+ 27. Kxg4 Rxc1 28. Bxc1 Rb4+ 29. f4 Ba1 30. Ra7 h5+ 31. Kxh5 Kf5 32. Rf7+ Bf6 33. Rf8 e5 34. a3 Re4 35. Rc8 exf4 36. Rc5+ Be5 37. Rc2 Bd6 38. Rg2 Be7 39. Rxg7 Bf6 40. Rf7 f3 41. Bg5 Re6 42. Bxf6 Rxf6 43. Rc7 f2 44. Rc1 Rf8 45. Kh6 Kg4 0-1

[Event "Karakol Derbishev Memorial"]
[Site "Karakol"]
[Date "2017.??.??"]
[Round "7"]
[White "Meleshin, Vasily"]
[Black "Umarbekov, Aziz"]
[Result "0-1"]
[WhiteElo "1810"]
[BlackElo "2183"]
[PlyCount "70"]
[EventDate "2017.08.16"]
[EventType "swiss"]
[EventRounds "9"]
[EventCountry "KGZ"]
[SourceTitle "CBM 180 Extra"]
[Source "ChessBase"]
[SourceDate "2017.10.06"]
[SourceVersion "1"]
[SourceVersionDate "2017.10.06"]
[SourceQuality "1"]

1. d4 Nf6 2. c4 c5 3. d5 b5 4. cxb5 a6 5. bxa6 Bxa6 6. Nc3 d6 7. Nf3 g6 8. g3 Bg7 9. e4 Bxf1 10. Kxf1 0-0 11. Kg2 Nbd7 12. h3 Qc7 13. Qc2 Rfb8 14. Rb1 Qb7 15. b3 Qb4 16. a3 Qa5 17. Re1 Ng4 18. hxg4 Bxc3 19. Re3 Bg7 20. g5 Rb7 21. Nd2 Qa6 22. f4 Qa7 23. Nc4 Nb6 24. g4 Qa6 25. Nxb6 Qxb6 26. Qc4 Rba7 27. Qc2 Qb5 28. Rh3 Rxa3 29. Bxa3 Rxa3 30. b4 Rxh3 31. Kxh3 c4 32. Kg3 c3 33. Kf3 Bd4 34. Qe2 Qa4 35. b5 c2 0-1

[Event "KGZ-ch"]
[Site "Bishkek"]
[Date "2013.05.16"]
[Round "8"]
[White "Umarbekov, Aziz"]
[Black "Maznitsin, Andrei"]
[Result "1/2-1/2"]
[WhiteElo "2234"]
[BlackElo "2308"]
[PlyCount "52"]
[EventDate "2013.05.09"]
[EventType "swiss"]
[EventRounds "11"]
[EventCountry "KGZ"]
[SourceTitle "CBM 154 Extra"]
[Source "ChessBase"]
[SourceDate "2013.06.25"]
[SourceVersion "2"]
[SourceVersionDate "2013.06.25"]
[SourceQuality "1"]

1. e4 e5 2. Nf3 Nc6 3. d4 exd4 4. Nxd4 Bc5 5. Nxc6 Qf6 6. Qf3 Qxf3 7. gxf3 dxc6 8. Bc4 Be6 9. Bxe6 fxe6 10. Be3 Bxe3 11. fxe3 Nf6 12. Nc3 Ke7 13. Ke2 Rad8 14. Rad1 Rxd1 15. Rxd1 Rd8 16. Rxd8 Kxd8 17. e5 Nd5 18. Nxd5 cxd5 19. f4 Ke7 20. e4 c6 21. exd5 cxd5 22. Kf3 Kf7 23. Kg3 Ke7 24. Kf3 Kf7 25. Kg3 Ke7 26. Kf3 Kf7 1/2-1/2

[Event "KGZ-ch"]
[Site "Bishkek"]
[Date "2013.05.12"]
[Round "4"]
[White "Umarbekov, Aziz"]
[Black "Markov, Mikhail2222"]
[Result "1-0"]
[WhiteElo "2234"]
[BlackElo "2276"]
[PlyCount "99"]
[EventDate "2013.05.09"]
[EventType "swiss"]
[EventRounds "11"]
[EventCountry "KGZ"]
[SourceTitle "CBM 154 Extra"]
[Source "ChessBase"]
[SourceDate "2013.06.25"]
[SourceVersion "2"]
[SourceVersionDate "2013.06.25"]
[SourceQuality "1"]

1. f4 g5 2. fxg5 h6 3. gxh6 Nxh6 4. e4 e5 5. d3 Bc5 6. Bxh6 Bxg1 7. Rxg1 Rxh6 8. h3 Qg5 9. Qd2 Qg3+ 10. Qf2 Qg5 11. Nd2 Rf6 12. Nf3 Qf4 13. Be2 Nc6 14. Qh4 Qxh4+ 15. Nxh4 d6 16. Kd2 Be6 17. Raf1 Rxf1 18. Rxf1 Ke7 19. Nf5+ Bxf5 20. Rxf5 Rg8 21. Rf2 Rg3 22. Bg4 Nd4 23. Ke1 Ne6 24. Kf1 c6 25. Rf3 Rxf3+ 26. Bxf3 f6 27. Ke2 c5 28. Bg4 Nc7 29. Bc8 b6 30. Kf3 Kf7 31. Kg4 d5 32. Bb7 dxe4 33. Bxe4 Ne8 34. Kh5 Ng7+ 35. Kg4 Ne8 36. Kf3 Nd6 37. g4 Kg7 38. h4 Kh6 39. Ke3 Nf7 40. Bd5 Nd6 41. Be6 Kg6 42. c3 Kh6 43. d4 cxd4+ 44. cxd4 Kg6 45. Bf5+ Kh6 46. Bd3 e4 47. Bxe4 Nc4+ 48. Kf4 Nxb2 49. Kf5 Kg7 50. h5 1-0

[Event "KGZ-ch"]
[Site "Bishkek"]
[Date "2013.05.11"]
[Round "3"]
[White "Abdrakhmanov, Chingiz"]
[Black "Umarbekov, Aziz"]
[Result "0-1"]
[WhiteElo "1477"]
[BlackElo "2234"]
[PlyCount "48"]
[EventDate "2013.05.09"]
[EventType "swiss"]
[EventRounds "11"]
[EventCountry "KGZ"]
[SourceTitle "CBM 154 Extra"]
[Source "ChessBase"]
[SourceDate "2013.06.25"]
[SourceVersion "2"]
[SourceVersionDate "2013.06.25"]
[SourceQuality "1"]

1. Nf3 c5 2. c4 Nf6 3. g3 g6 4. Bg2 Bg7 5. Nc3 d5 6. cxd5 Nxd5 7. 0-0 0-0 8. Nxd5 Qxd5 9. d3 Nc6 10. Nd2 Qd7 11. Rb1 b6 12. Qa4 Bb7 13. b4 cxb4 14. Bb2 Rfd8 15. Bxg7 Kxg7 16. Rfc1 Nd4 17. Qd1 Bxg2 18. Kxg2 a5 19. Rc4 b5 20. Rc5 Rac8 21. Rbc1 Rxc5 22. Rxc5 Rc8 23. Rxc8 Qxc8 24. Qa1 Qc3 0-1

[Event "Olympiad-40"]
[Site "Istanbul"]
[Date "2012.09.05"]
[Round "8.4"]
[White "Umarbekov, Aziz"]
[Black "Boudriga, Mohamed Ali"]
[Result "0-1"]
[WhiteElo "2245"]
[BlackElo "2191"]
[PlyCount "46"]
[EventDate "2012.08.28"]
[EventType "team-swiss"]
[EventRounds "11"]
[EventCountry "TUR"]
[SourceTitle "CBM 151"]
[Source "ChessBase"]
[SourceDate "2012.11.13"]
[SourceVersion "1"]
[SourceVersionDate "2012.11.13"]
[SourceQuality "1"]
[WhiteTeam "Kyrgyzstan"]
[BlackTeam "Tunisia"]
[WhiteTeamCountry "KGZ"]
[BlackTeamCountry "TUN"]

1. f4 d5 2. b3 Nf6 3. Bb2 g6 4. Nf3 Bg7 5. e3 0-0 6. d3 c5 7. Nbd2 d4 8. exd4 Nd5 9. g3 cxd4 10. Qe2 Nc6 11. Ne5 Nxe5 12. fxe5 Ne3 13. Nc4 Bg4 14. Qf2 Qd5 15. Rg1 Nxc4 16. bxc4 Qa5+ 17. Qd2 Qxe5+ 18. Be2 Bh6 19. Qd1 Be3 20. Rg2 Qa5+ 21. Kf1 Qf5+ 22. Ke1 Bh3 23. g4 Qf4 0-1

[Event "KGZ-ch"]
[Site "Bishkek"]
[Date "2010.??.??"]
[Round "10"]
[White "Vilinsky, Vladimir"]
[Black "Umarbekov, Aziz"]
[Result "0-1"]
[WhiteElo "2109"]
[BlackElo "2281"]
[PlyCount "123"]
[EventDate "2010.04.17"]
[EventType "swiss"]
[EventRounds "11"]
[EventCountry "KGZ"]
[SourceTitle "EXT 2014"]
[Source "ChessBase"]
[SourceDate "2013.11.20"]
[SourceVersion "1"]
[SourceVersionDate "2013.11.20"]
[SourceQuality "1"]

1. e4 e6 2. d3 c5 3. Nf3 Nc6 4. g3 g6 5. Bg2 Bg7 6. 0-0 Nge7 7. Nbd2 0-0 8. Re1 d5 9. e5 Nf5 10. c3 b5 11. Nb3 c4 12. Nc5 cxd3 13. Qxd3 Qc7 14. Qxb5 a6 15. Qa4 Nxe5 16. Nxe5 Qxc5 17. Bf4 Nd6 18. b3 Ne4 19. Bxe4 dxe4 20. Qxe4 Qa7 21. Rac1 Kh8 22. Qb4 a5 23. Qd6 f6 24. Nc4 e5 25. Be3 Qb7 26. Qb6 Qf3 27. Nd2 Qh5 28. Qc6 Ra6 29. Qg2 Bh3 30. Qf3 Bg4 31. Qg2 Bh3 32. Qf3 Bg4 33. Qd5 g5 34. f3 Be6 35. Qd3 Rc6 36. c4 f5 37. Bf2 Bc8 38. a3 Rh6 39. Nf1 Bb7 40. Bc5 Re8 41. Qxf5 Bxf3 42. Rc2 Rf6 43. Qd7 Bc6 44. Qd1 Qf7 45. b4 axb4 46. axb4 Ba4 47. Qe2 Bxc2 48. Qxc2 e4 49. Be3 Rc6 50. c5 Ra6 51. Nd2 Rb8 52. Rb1 Ra3 53. Nf1 Ra2 54. Qb3 Qxb3 55. Rxb3 Rb2 56. Rxb2 Bxb2 57. Bd2 Ba3 58. Bxg5 Bxb4 59. Be3 Rc8 60. Kf2 Kg7 61. Bd4+ Kg6 62. Ke3 0-1

[Event "KGZ-ch"]
[Site "Bishkek"]
[Date "2009.??.??"]
[Round "6"]
[White "Markov, Mikhail2222"]
[Black "Umarbekov, Aziz"]
[Result "0-1"]
[WhiteElo "2119"]
[BlackElo "2281"]
[PlyCount "47"]
[EventDate "2009.05.13"]
[EventType "swiss"]
[EventRounds "11"]
[EventCountry "KGZ"]
[SourceTitle "EXT 2014"]
[Source "ChessBase"]
[SourceDate "2013.11.20"]
[SourceVersion "1"]
[SourceVersionDate "2013.11.20"]
[SourceQuality "1"]

1. c4 e5 2. Nc3 Nc6 3. Nf3 f5 4. e4 Nf6 5. exf5 Bc5 6. h3 0-0 7. g4 g6 8. d3 gxf5 9. gxf5 Kh8 10. Bh6 Rg8 11. Ng5 Qe7 12. Be2 d6 13. Bh5 Nd8 14. Qf3 Bb4 15. Nge4 Nxh5 16. Qxh5 Qf7 17. Qh4 Bxf5 18. Bg5 Ne6 19. Bf6+ Ng7 20. Rg1 Raf8 21. Rxg7 Rxg7 22. 0-0-0 Bxc3 23. Bxg7+ Qxg7 24. Nxc3 0-1